Thực hành sinh học trong trường phổ thông

Wedi'i Gadw mewn:
Manylion Llyfryddiaeth
Prif Awdur: Mai, Sỹ Tuấn
Fformat: Llyfr
Iaith:Undetermined
Cyhoeddwyd: Hà Nội Giáo dục Việt Nam 2013
Pynciau:
Tagiau: Ychwanegu Tag
Dim Tagiau, Byddwch y cyntaf i dagio'r cofnod hwn!
Thư viện lưu trữ: Trung tâm Học liệu Trường Đại học Cần Thơ
LEADER 00715nam a2200229Ia 4500
001 CTU_238445
008 210402s9999 xx 000 0 und d
020 |c 85000 
082 |a 570.712 
082 |b T502 
100 |a Mai, Sỹ Tuấn 
245 0 |a Thực hành sinh học trong trường phổ thông 
245 0 |c Mai Sỹ Tuân (Chủ biên) 
260 |a Hà Nội 
260 |b Giáo dục Việt Nam 
260 |c 2013 
526 |a Thí nghiệm sinh phổ thông 
526 |b SP421 
650 |a Biology,Sinh học 
650 |x Study and teaching (Secondary),Dạy và học (Trung học) 
904 |i Hải 
980 |a Trung tâm Học liệu Trường Đại học Cần Thơ